| Tag |
First Indicator |
Second Indicator |
Subfields |
| LEADER |
00000pam a2200000 4500 |
| 001 |
in00000257213 |
| 005 |
20151010051933.0 |
| 008 |
740313r19741956ctu b 00100 eng |
| 010 |
|
|
|a 73009127
|
| 020 |
|
|
|a 0837169844
|
| 035 |
|
|
|a (OCoLC)00858243
|
| 035 |
|
|
|9 ABB8332AM
|
| 040 |
|
|
|a DLC
|c DLC
|d TXA
|d UtOrBLW
|
| 043 |
|
|
|a e-uk---
|a n-us---
|
| 049 |
|
|
|a TXAM
|c [1233191]
|
| 050 |
0 |
0 |
|a E211
|b .B925 1974
|
| 082 |
0 |
|
|a 973.3
|
| 100 |
1 |
|
|a Burke, Edmund,
|d 1729-1797.
|
| 245 |
1 |
0 |
|a Burke's speeches: On American taxation, On conciliation with America, & Letter to the sheriffs of Bristol /
|c Edited with introd. & notes by F. G. Selby.
|
| 264 |
|
1 |
|a Westport, Conn. :
|b Greenwood Press,
|c [1974]
|
| 300 |
|
|
|a xlviii, 328 pages ;
|c 22 cm.
|
| 336 |
|
|
|a text
|b txt
|2 rdacontent
|
| 337 |
|
|
|a unmediated
|b n
|2 rdamedia
|
| 338 |
|
|
|a volume
|b nc
|2 rdacarrier
|
| 490 |
1 |
|
|a Macmillan's English classics
|
| 500 |
|
|
|a Reprint of the 1956 edition published by Macmillan, London, and St. Martin's Press, New York, in series: Macmillan's English classics.
|
| 504 |
|
|
|a Includes bibliographical references.
|
| 651 |
|
0 |
|a United States
|x Politics and government
|y 1775-1783.
|
| 651 |
|
0 |
|a Great Britain
|x Colonies
|z America.
|
| 700 |
1 |
|
|a Selby, F. G.
|q (Francis Guy),
|d 1852-1927.
|
| 830 |
|
0 |
|a Macmillan's English classics.
|
| 999 |
|
|
|a MARS
|
| 999 |
f |
f |
|s 6fe15159-6fe9-364f-a628-3dc79dd3eac1
|i 42e69a6e-c898-35f7-b9a8-b6e67797dd9f
|t 0
|
| 952 |
f |
f |
|p normal
|a Texas A&M University
|b College Station
|c Sterling C. Evans Library
|d Evans: Library Stacks
|t 0
|e E211 .B925 1974
|h Library of Congress classification
|i unmediated -- volume
|m A14802200645
|
| 998 |
f |
f |
|a E211 .B925 1974
|t 0
|l Evans: Library Stacks
|